ՀՀ Գիտությունների ազգային ակադեմիայի հիմնարար գիտական գրադարան  =   Fundamental Scientific Library of NAS RA

Մեկնութիւն չորից Աւետարանչաց / (Record no. 521626)

MARC details
000 -LEADER
fixed length control field 00970nam a2200229 a 4500
001 - CONTROL NUMBER
control field 000286712
003 - CONTROL NUMBER IDENTIFIER
control field AM-YEHGA
005 - DATE AND TIME OF LATEST TRANSACTION
control field 20250618080030.0
008 - FIXED-LENGTH DATA ELEMENTS--GENERAL INFORMATION
fixed length control field 031121s1988 ai 000 | arm d
040 ## - CATALOGING SOURCE
Original cataloging agency AM-YeHGA
041 0# - LANGUAGE CODE
Language code of text/sound track or separate title arm
090 ## - LOCALLY ASSIGNED LC-TYPE CALL NUMBER (OCLC); LOCAL CALL NUMBER (RLIN)
-- 525211
100 0# - MAIN ENTRY--PERSONAL NAME
Personal name Ստեփանոս Սիւնեցի.
9 (RLIN) 4798
245 10 - TITLE STATEMENT
Title Մեկնութիւն չորից Աւետարանչաց /
Statement of responsibility, etc. Ստեփանոս Սիւնեցի; Խմբ.՝ Մեսրոպ եպս. Գ. Գրիգորեան ; Հրատ.՝ Գարեգին կթղկ. Յովսէփեան.
260 ## - PUBLICATION, DISTRIBUTION, ETC.
Place of publication, distribution, etc. Աթենք :
Name of publisher, distributor, etc. տպ. Նոր աշխարհ,
Date of publication, distribution, etc. 1988.
300 ## - PHYSICAL DESCRIPTION
Extent 140 էջ :
Other physical details լուսանկ. ;
Dimensions 20 սմ.
504 ## - BIBLIOGRAPHY, ETC. NOTE
Bibliography, etc. note Մատենագիտ. տողատ. ծանոթ.
630 04 - SUBJECT ADDED ENTRY--UNIFORM TITLE
Uniform title Ավետարան
700 0# - ADDED ENTRY--PERSONAL NAME
Personal name Գարեգին Ա (Հովսեփյան)
Titles and other words associated with a name Կաթողիկոս,
Dates associated with a name 1867-1952
Relator term հրատ.
Relationship pbl
9 (RLIN) 5277
700 1# - ADDED ENTRY--PERSONAL NAME
Personal name Գրիգորյան, Մեսրոպ Գրիգորի,
Titles and other words associated with a name եպիսկ.
Dates associated with a name 1932-
Relator term խմբ.
Relationship edt
942 ## - ADDED ENTRY ELEMENTS (KOHA)
Source of classification or shelving scheme Universal Decimal Classification
Koha item type Գրքեր / Books
Holdings
Withdrawn status Lost status Damaged status Not for loan Collection Home library Current library Date acquired Total checkouts Full call number Barcode Date last seen Price effective from Koha item type Public note
        General Fundamental Scientific Library Fundamental Scientific Library 29/12/2021   AII/108213 FL0668398 29/12/2021 29/12/2021 Գրքեր / Books 30 Days Loan


ՀՀ ԳԱԱ հիմնարար գիտական գրադարան
ՀՀ,Երևան 0019
Մարշալ Բաղրամյան 24/6
հեռախոս:(374-10) 52-47-50
Հետադարձ կապ

All site content, except where otherwise noted, is licensed under a
Creative Commons License